000 03811cam a22006854i 4500
001 u53670
003 PE-LiUPU
005 20250731180154.0
008 150626s1986 sp a rb 001 0 spa d
020 _a9788429171334
035 _a(Sirsi) i9788429171334
040 _aPE-LiUPU
_bspa
_cPE-LiUPU
_erda
041 1 _aspa
_hger
049 _aPRUA
082 0 4 _a540
_bCh84
100 1 _aChristen, Hans Rudolf,
_eautor.
245 1 0 _aFundamentos de la química general e inorgánica /
_cHans Rudolf Christen.
264 1 _aBarcelona :
_bReverté,
_c1986.
300 _a856 páginas :
_bilustraciones ;
_c21 centímetros
336 _atext
_2rdacontent
337 _aunmediated
_2rdamedia
338 _avolume
_2rdacarrier
504 _aIncluye bibliografía.
504 _aIncluye Índice.
505 0 _aEl moderno modelo atómico -- El sistema de períodos -- El enlace químico -- Gases -- El estado sólido -- El estado líquido: disoluciones -- Relaciones cuanttativas -- Termodinámica de las reacciones químicas; equilibrio químico -- La velocidad de las reacciones químicas equilibrios ácido/base -- Gases nobles e hidrógeno -- Los halógenos -- Los elementos del grupo vi ("calcógenos") -- Los elementos del grupo v -- Los elementos del grupo iv -- Los elementos del grupo iii -- Los elementos del grupo ii ("metales alcalinoterreos ") -- Los elementos del grupo i metales de transición i: generalidades ("metales alcalinos") -- Metales de transición ii: compuestos complejos -- Metales de transición iii -- Los grupos secundarios iiia a viia -- Metales de transición iv: metales del grupo del hierro y del platino -- Metales de transición v: los grupos secundarios ¡b y ¡¡b -- Metales de transición vi: carbonilos y compuestos organometálicos.
526 _aSEG44
526 _aSEG26
526 _aP159
526 _aP155
526 _aP154
526 _aP153
526 _aP150
526 _aP100
526 _aP31
526 _aP30
526 _aP26
526 _aP25
526 _aP24
526 _aP22
526 _aP15
526 _aP10
534 _pTítulo Original :
_tGrundlagen der allgemeinen und anorganischen Chemie.
541 _g001-0039187;
541 _g015-0016193;
596 _a1 2
650 7 _aQuímica inorgánica.
_2embne
650 7 _aQuímica.
_2embne
910 _agl
_b
_clch
_d20140717
910 _agl
_cng
_d20131120
910 _ardg
_bjck
_crdg
_d20150626
942 _2ddc
_cBOOK
994 _aC0
_bPEPRU
949 _a540 CH84
_wDEWEY
_c1
_i69173
_d2018-5-4
_e2018-3-21
_f2018-2-12
_g4
_lCCODEBUL1
_mBUL
_n13
_p102.00
_q2
_r0
_sY
_tBOOK
_u2014-7-17
_xINGENIERIA
_PP24
_0COMPRA
_o.STAFF. Colección General
949 _a540 CH84
_wDEWEY
_c1
_iFT02780
_lCCODEBUT1
_mBUT
_p85.71
_r0
_sY
_tBOOK
_u2015-6-26
_xINGENIERIA
_PP24
_0COMPRA
_o.STAFF. Colección General
949 _a540 CH84
_wDEWEY
_c2
_i70186
_d2018-5-30
_e2016-9-7
_f2018-2-12
_g1
_kCHECKEDOUT
_lCCODEBUL1
_mBUL
_n8
_p95.00
_q1
_r0
_sY
_tBOOK
_u2014-7-17
_xINGENIERIA
_PP24
_0COMPRA
_o.STAFF. Colección General
999 _a540 CH84
_wDEWEY
_c56383
_i69173
_d56383
_e2022-4-24
_f2021-11-5
_g7
_lCCODEBUL1
_mBUL
_n17
_p102.00
_q3
_r0
_sY
_tBOOK
_u2014-7-17
_xBIBLIOTECA
_PP24
_0COMPRA
_o.STAFF. Colección General
999 _a540 CH84
_wDEWEY
_c2
_i70186
_d2018-11-18
_e2016-9-7
_f2021-11-5
_g4
_lCCODEBUL1
_mBUL
_n8
_p95.00
_q4
_r0
_sY
_tBOOK
_u2014-7-17
_xBIBLIOTECA
_PP24
_0COMPRA
_o.STAFF. Colección General
999 _a540 CH84
_wDEWEY
_c1
_iFT02780
_f2019-2-20
_g1
_lCCODEBUT1
_mBUT
_p85.71
_r0
_sY
_tBOOK
_u2015-6-26
_xINGENIERIA
_PP24
_0COMPRA
_o.STAFF. Colección General
980 _81
_gALBERTO SANCHEZ Responsable de Automatización